00640nam a2200217Ia 4500003000900000008004100009040001300050040001300063041000800076100002300084245002500107250000900132260002100141260000900162300001100171300001200182490000600194942000700200999001700207952019800224IT-RoPAU120407s9999 xx 000 0 und d aIT-RoPAU cIT-RoPAU aita aNazareno Fabbretti aLe donne del Vangelo aAlba aEdizioni Paoline c1967 a173 p. c25,5 cm v1 cBK c27113d27113 00102ddc406220_800000000000000_971aPAULUSbPAULUSd2012-04-11l0o220.8.9r2012-04-11 00:00:00w2012-04-11yBKzInserito da: Jole In data: 22 luglio 2011 fondo: Via A.Severo 56 Progr:23092